UNESCO ofrece plataforma de capacitación abierta

Guardat en:
Dades bibliogràfiques
Format: Text
Etiquetes: Afegir etiqueta
Sense etiquetes, Sigues el primer a etiquetar aquest registre!

MARC

LEADER 00000 a a2200000 04500
001 41344
003
040
245 |a UNESCO ofrece plataforma de capacitación abierta  
773 |g volumen21, número3 ( , 2008), páginas 9-10  
999 |c 31749  |d 31749